000 00349nam a2200157Ia 4500
008 210210b1953 xxu||||| |||| 00| 0 eng d
041 _aeng
082 _a872/40
100 _aKESHAVA MENON (K P)
245 _aJeevitha chindakal
260 _a
_b-
_c1953
650 _aJeevitha
650 _achindakal
690 _aMalayalam
906 _a002474
999 _c124445
_d124445